000 00829nam a2200253Ia 4500
003 OSt
005 20250116102937.0
008 210716s2002 xx 000 0 und d
020 _a9780070474208
040 _cAIMIT LIBRARY
041 _aeng
082 _a005.7401
_21
_bCOUJ
100 _aCouchman, Jason.
_9193624
245 _aOCP introduction to oracle9i:
_bSQL exam guide /
_cBy Jason Couchman.
250 _a1st
260 _aNew Delhi :
_bTata McGraw Hill Publishing Company Ltd ,
_c2002.
300 _axx,485 p.;
_bPB
_c25 cm.
650 _aPreparing for ocp dba exam
_9193625
650 _aSubqueries
_9193626
650 _aCreating oracle database objects
_9193627
650 _aManipulating oracle dataUser
_9193628
650 _aUser access control in oracle
_9193629
942 _2ddc
_cBK
_e1st
_k005.7401 COUJ
999 _c190600
_d190600